Statistieken voor Logo's Belgische bedrijven

Klik hier om de quiz te nemen!

Algemene statistieken

  • Deze quiz is 112 keer genomen
  • De gemiddelde score is 10 van 16

Antwoordstatistieken

Antwoord% Correct
Spa
90%
Côte d'Or
85%
Colruyt
84%
Delhaize
84%
Jupiler
81%
Lotus
80%
NMBS
79%
Proximus
76%
Belfius
74%
KBC
73%
Kinepolis
71%
Stella Artois
63%
Kipling
43%
Brussels Airlines
26%
Jan De Nul
17%
Cartamundi
7%

Scoreverdeling

Percentiel versus Aantal Correcte Antwoorden

Procent van Mensen met Elke Score

Uw Scoregeschiedenis

U heeft deze quiz nog niet genomen